|
|
|
|
| LEADER |
00000nam2a2200000 4500 |
| 001 |
53860 |
| 005 |
20231031045934.0 |
| 035 |
|
|
|a (RuTPU)RU\TPU\book\56457
|
| 090 |
|
|
|a 53860
|
| 100 |
|
|
|a 20030625d1988 m y0rusy50 ca
|
| 101 |
0 |
|
|a rus
|
| 102 |
|
|
|a RU
|
| 105 |
|
|
|a a j 001zy
|
| 200 |
0 |
|
|a Кн. 5: Лазерная сварка металлов
|f А. Г. Григорьянц, И. Н. Шиганов
|
| 210 |
|
|
|d 1988
|
| 215 |
|
|
|a 207 с.
|c ил.
|
| 320 |
|
|
|a Библиогр.: с. 205.
|
| 461 |
|
1 |
|0 (RuTPU)RU\TPU\book\56452
|t Лазерная техника и технология
|o учебное пособие для втузов
|o в 7 кн.
|f под ред. А. Г. Григорьянца
|v Кн. 5: Лазерная сварка металлов
|d 1987-1988
|
| 610 |
1 |
|
|a лазерная техника
|
| 610 |
1 |
|
|a лазерная сварка
|
| 610 |
1 |
|
|a металлы
|
| 610 |
1 |
|
|a технология
|
| 610 |
1 |
|
|a конструкционные материалы
|
| 610 |
1 |
|
|a учебные пособия
|
| 675 |
|
|
|a 621.373.826(075.8)
|v 3
|
| 675 |
|
|
|a 621.7/.9.048.7(075.8)
|v 3
|
| 700 |
|
1 |
|a Григорьянц
|b А. Г.
|g Александр Григорьевич
|
| 701 |
|
1 |
|a Шиганов
|b И. Н.
|g Игорь Николаевич
|
| 801 |
|
1 |
|a RU
|b 63413507
|c 20030625
|g PSBO
|
| 801 |
|
2 |
|a RU
|b 63413507
|c 20211206
|g PSBO
|
| 942 |
|
|
|c BK
|